Сто великих ученых

Sonraí bibleagrafaíochta
Príomhchruthaitheoir: Самин Д. К Дмитрий Константинович
Achoimre:Серия `100 великих` была бы не полной, если бы в ней не были представлены ученые - мужи науки, благодаря деяниям которых она прошла путь от первых попыток познания мира до космических полетов. Эта книга начинается с биографии известных ученых древности: Пифагор, Гиппократ, Архимед... А далее читатель откроет для себя такие имена как Кеплер, Декарт, Ньютон, Ломоносов, Фарадей, Лобачевский, Менделеев, Максвелл, Жуковский, Павлов, Капица, Ферми, Курчатов...
Teanga:Rúisis
Foilsithe / Cruthaithe: Москва, Вече, 2000
Sraith:100 великих
Ábhair:
Formáid: LEABHAR
KOHA link:https://koha.lib.tpu.ru/cgi-bin/koha/opac-detail.pl?biblionumber=29982

MARC

LEADER 00000nam0a2200000 4500
001 29982
005 20231101205938.0
010 |a 5783806498 
035 |a (RuTPU)RU\TPU\book\30249 
035 |a BOOK00030325 
090 |a 29982 
100 |a 20011209d2000 u y0rusy50 ca 
101 0 |a rus 
102 |a RU 
105 |a a f 000a  
200 1 |a Сто великих ученых  |f Д. К. Самин 
210 |a Москва  |c Вече  |d 2000 
215 |a 592 с. 
225 1 |a 100 великих 
320 |a Библиогр.: с. 586-587. 
330 |a Серия `100 великих` была бы не полной, если бы в ней не были представлены ученые - мужи науки, благодаря деяниям которых она прошла путь от первых попыток познания мира до космических полетов. Эта книга начинается с биографии известных ученых древности: Пифагор, Гиппократ, Архимед... А далее читатель откроет для себя такие имена как Кеплер, Декарт, Ньютон, Ломоносов, Фарадей, Лобачевский, Менделеев, Максвелл, Жуковский, Павлов, Капица, Ферми, Курчатов... 
606 1 |a Учёные  |2 stltpush  |3 (RuTPU)RU\TPU\subj\63498  |9 80522 
606 1 |a Наука  |x История  |2 stltpush  |3 (RuTPU)RU\TPU\subj\45075  |9 64337 
610 1 |a науковедение 
610 1 |a научные открытия 
610 1 |a ученые 
610 1 |a персоналии 
610 1 |a справочники 
686 |a Ч216дя2  |a Ч213дя2  |v LBC/SL-A  |2 rubbk 
700 1 |a Самин  |b Д. К  |g Дмитрий Константинович 
801 0 |a RU  |b 63413507  |c 20011209  |g PSBO 
801 2 |a RU  |b 63413507  |c 20190204  |g PSBO 
942 |c BK